गुरू नानक देव / (Record no. 56211)
[ view plain ]
| 000 -LEADER | |
|---|---|
| fixed length control field | 00944nam a22002057a 4500 |
| 005 - DATE AND TIME OF LATEST TRANSACTION | |
| control field | 20110902122011.0 |
| 010 ## - LCCN (DPL NO) | |
| LC control number | G-001153 |
| 020 ## - INTERNATIONAL STANDARD BOOK NUMBER | |
| International Standard Book Number | 8176043133 |
| Terms of availability | 90.00 |
| 035 ## - SYSTEM CONTROL NUMBER | |
| System control number | G-001151 |
| 037 ## - SOURCE OF ACQUISITION | |
| Source of stock number/acquisition | उपहार |
| 082 ## - DEWEY DECIMAL CLASSIFICATION NUMBER | |
| Classification number | 260.33 |
| 100 ## - MAIN ENTRY--PERSONAL NAME | |
| Personal name | वर्मा,जे.के. |
| 245 ## - TITLE STATEMENT | |
| Title | गुरू नानक देव / |
| Statement of responsibility, etc | जे.के.वर्मा |
| 260 ## - PUBLICATION, DISTRIBUTION, ETC. (IMPRINT) | |
| Place of publication, distribution, etc | दिल्ली |
| Name of publisher, distributor, etc | राजा पॉकेट बुक्स |
| Date of publication, distribution, etc | 2004 |
| 270 ## - ADDRESS | |
| Address | 330/1, मेन रोड़, बुराड़ी |
| City | दिल्ली |
| Postal code | 110084 |
| Telephone number | |
| 300 ## - PHYSICAL DESCRIPTION | |
| Extent | 57पृ. |
| Other physical details | सचित्र |
| Dimensions | 22 सेमी (सजिल्द) |
| 942 ## - ADDED ENTRY ELEMENTS (KOHA) | |
| Source of classification or shelving scheme | Dewey Decimal Classification |
| Item type | Children Books |
| Classification part | 260.33 |
| Call number suffix | वर्माजे |
| Withdrawn status | Lost status | Not for loan | Collection code | Home library | Current library | Date acquired | Source of acquisition | Cost, normal purchase price | Full call number | Barcode | Copy number | Cost, replacement price | Koha item type |
|---|---|---|---|---|---|---|---|---|---|---|---|---|---|
| Non-fiction | Katevara | Katevara | 02/09/2011 | उपहार | 90.00 | 260.33 वर्माजे | G-001153 | 1 | 90.00 | Children Books | |||
| Non-fiction | Shahdara Branch | Shahdara Branch | 12/01/2019 | BPPD/PUB | 30.00 | 260.33 वर्माजे | B-096945 | 30.00 | Children Books | ||||
| Non-fiction | Yojana Vihar | Yojana Vihar | 26/09/2019 | BPPD/PUB | 30.00 | 260.33 वर्माजे | B-96943 | 30.00 | Children Books |
